000 00292nam a2200133Ia 4500
008 240624s9999 xx 000 0 und d
041 _aeng
082 _a891.43 GUL
100 _aGULZAR
245 _aMIRZA GHALIB
260 _c2006
_aNew Delhi
_bRupa
300 _a240 p.
365 _cRS
_b25
999 _c30960
_d30960